Lustrini per il regno dei cieli : ritratti di evirati cantori /

I castrati, o evirati cantori, o soprani eunuchi, secondo le varie terminologie che li definivano, sono piu spesso stati raccontati, per chiave di parodia o caricatura, oppure, il che ha lo stesso impatto, come simboli, fantasmi di un'epoca oscura. Dalle cappelle vaticane, dove incarnarono la cifra...

詳細記述

保存先:
書誌詳細
第一著者: Scarlini, Luca (著者)
フォーマット: 図書
言語:イタリア語
出版事項: Torino : Bollati Boringhieri, c2008
シリーズ:Varianti
主題:
タグ: タグ追加
タグなし, このレコードへの初めてのタグを付けませんか!

MARC

LEADER 00000nam a22000007i 4500
001 IT\ICCU\UBO\3419341
003 ItRI
005 20260115232059.0
008 080507s2008 it |||||| ||||| |||||c
020 |a 9788833918303 
024 3 1 |a 9788833918303 
040 |b ita  |c importazione bologna sebina 
041 7 |a ita  |2 ISO-639-2 
082 |a 782.10922  |9 FORME VOCALI DRAMMATICHE OPERE. Gruppi di persone  |2 21 
100 1 |a Scarlini, Luca  |0 IT\ICCU\BVEV\029771  |4 aut 
240 1 0 |a Lustrini per il regno dei cieli  |3 IT\ICCU\UBO\4447263  |9 Scarlini, Luca 
245 1 0 |a Lustrini per il regno dei cieli :  |b ritratti di evirati cantori /  |c Luca Scarlini. 
260 |a Torino :  |b Bollati Boringhieri,  |c c2008 
300 |a 96 p. ;  |c 22 cm. 
520 |a I castrati, o evirati cantori, o soprani eunuchi, secondo le varie terminologie che li definivano, sono piu spesso stati raccontati, per chiave di parodia o caricatura, oppure, il che ha lo stesso impatto, come simboli, fantasmi di un'epoca oscura. Dalle cappelle vaticane, dove incarnarono la cifra della controriforma, interpretando il misterioso Miserere di Gregorio Allegri, copiato a memoria da Mozart bambino, sciamarono, insieme al melodramma, per tutta Europa; alcuni di essi furono celebri, celeberrimi, come il proverbiale Farinelli; ma la maggior parte ebbero invece destino d'ombra e disgrazia. Cinque storie, note e ignote, permettono di ricostruire alcuni aspetti di questa vicenda, carica di gloria, ma soprattutto d'onta, che ebbe esito soprattutto nel Belpaese, fino al 1922, quando l'ultimo del genere, Alessandro Moreschi, mori lasciando di se il nome di angelo di Roma e l'unica registrazione che un cantante del suo tipo abbia mai realizzato. 
650 7 |a Cantanti evirati 
830 0 |a Varianti  |0 IT\ICCU\CFI\0073696 
942 |2 ddc  |c BK  |n 0 
952 |0 0  |1 0  |4 0  |6 DOC_782_109000000000000_SCA  |7 0  |9 19677  |a BO  |b BO  |d 2026-01-15  |i 12351  |l 0  |o DOC 782.109 SCA  |p BO12351  |r 2026-01-15 23:20:59  |w 2026-01-15  |x [Sebina 5] [1 v.]  |y BK  |z 1 v. 
999 |c 16775  |d 16775